|
|
|
|
| LEADER |
00000nam a2200000 a 4500 |
| 001 |
vtls010065770 |
| 003 |
SK-MaSNL |
| 005 |
20260425225842.0 |
| 008 |
180730s2009 pl a g 000 0dpol |
| 015 |
|
|
|a SNBZSA2014-002090
|
| 020 |
|
|
|a 9788374902182
|q (brož.)
|
| 040 |
|
|
|a SNK
|b slo
|c SNK
|e AACR2
|
| 041 |
0 |
|
|a pol
|a slo
|
| 044 |
|
|
|a pl
|c PL
|
| 072 |
|
7 |
|a 75
|x Maliarstvo
|2 konspekt
|
| 072 |
|
7 |
|a 74
|x Kresba. Umelecké remeslá
|2 konspekt
|
| 080 |
|
|
|a 75.071.1
|2 2001
|
| 080 |
|
|
|a 741/744
|2 2001
|
| 080 |
|
|
|a (084.11)
|2 2001
|
| 080 |
|
|
|a (437.6)
|2 2001
|
| 080 |
|
|
|a (083.824)
|2 2001
|
| 100 |
1 |
|
|a Jagodová, Anna,
|d 1986-
|4 aut
|4 art
|9 410575
|
| 245 |
1 |
0 |
|a Ania Jagodová. Malarstwo i rysunek
|c Ania Jagodová ; [tekst: prof. Stanisław Tabisz]
|
| 246 |
3 |
|
|a Malarstwo i rysunek
|
| 246 |
1 |
1 |
|a Maľba a kresba
|
| 260 |
|
|
|a Kraków
|b Towarzystwo Słowaków w Polsce
|c [2009]
|
| 300 |
|
|
|a 24 s.
|b ilustr.
|c 15 cm
|
| 366 |
|
|
|e 500 výt.
|
| 546 |
|
|
|a Súbež. názov a text v slov.
|
| 600 |
1 |
7 |
|a Jagodová, Anna,
|d 1986-
|2 SNKMA
|9 410575
|
| 648 |
|
7 |
|a 2008-2009
|2 SNKPH
|9 317780
|
| 650 |
0 |
7 |
|a maliari
|2 SNKPH
|9 3150
|
| 650 |
0 |
7 |
|a Painters
|2 SNKPHeng
|9 99679
|
| 650 |
0 |
7 |
|a Drawing
|2 SNKPHeng
|9 294896
|
| 650 |
0 |
7 |
|a kresba
|2 SNKPH
|9 3076
|
| 651 |
|
7 |
|a Slovensko
|2 SNKPH
|9 14231
|
| 651 |
|
7 |
|a Slovakia
|2 SNKPHeng
|9 92630
|
| 655 |
|
7 |
|a obrazové publikácie
|2 SNKPH
|9 70343
|
| 655 |
|
7 |
|a Pictorial works
|2 SNKPHeng
|9 284468
|
| 655 |
|
7 |
|a Exhibition catalogs
|2 SNKPHeng
|9 266232
|
| 655 |
|
7 |
|a katalógy výstav
|2 SNKPH
|9 70445
|
| 700 |
1 |
|
|a Tabisz, Stanisław,
|d 1956-2021
|4 aui
|9 213379
|
| 752 |
|
|
|a Poľsko
|d Krakov
|
| 919 |
|
|
|a 978-83-7490-218-2
|
| 958 |
|
|
|a ZS
|
| 958 |
|
|
|a SK
|
| 958 |
|
|
|a PL
|
| 999 |
|
|
|c 660752
|d 662682
|
| 952 |
|
|
|a SNK
|b SNK
|y PREZ
|7 0
|p 17A0664238
|o snkOSE 4557
|i snk2010/13258
|8 2
|g 1.49
|0 0
|1 0
|4 0
|d 2010-02-17
|l 0
|r 2026-02-23 18:52:37
|w 2026-02-23
|
| 952 |
|
|
|a SNK
|b SNK
|y VYP
|7 0
|p 17A0664237
|o snkOSE 4557 D1
|i snk2010/13259
|8 2
|g 1.49
|0 0
|1 0
|4 0
|d 2010-02-17
|l 0
|r 2026-02-23 18:52:37
|w 2026-02-23
|